| 000 | 00703nam a2200229 i 4500 | ||
|---|---|---|---|
| 001 | 92652 | ||
| 003 | ES-MaACL | ||
| 005 | 20230906181026.0 | ||
| 007 | t| | ||
| 008 | 050413s2002 sp ||||1| spa d | ||
| 020 | _a84-206-4078-6 | ||
| 080 | _a294.3 | ||
| 100 | 1 |
_aThubten Chodron. _9110174 |
|
| 245 | 1 | 0 |
_aBudismo para principiantes / _cThubten Chodron. |
| 260 |
_aMadrid : _bAlianza Editorial, _c[2002] |
||
| 300 |
_a192 p. ; _c18 cm. |
||
| 490 | 1 |
_aEl libro de bolsillo. Religión y mitología ; _v4108 |
|
| 650 |
_aBudismo- _xDoctrinas. _910634 |
||
| 830 | 0 |
_aEl libro de bolsillo. Religión y mitología ; _v4108 _9193608 |
|
| 852 |
_aES-MaACL _jE-10943 _bR.135536 |
||
| 999 |
_c92652 _d92652 |
||